Statistics for Top 20 Silver producing countries

Click here to take the quiz!

General Stats

  • This quiz has been taken 229 times
  • The average score is 16 of 20

Answer Stats

Silver Produced in 2010 (Millions of ounces)Answer% Correct
38.6United States
98%
99.2China
96%
36.8Russia
96%
18Canada
95%
128.6Mexico
93%
41Chile
93%
20.6Argentina
91%
116.1Peru
91%
9.7India
91%
59.9Australia
87%
2.8South Africa
87%
41Bolivia
82%
6.9Indonesia
78%
12.3Turkey
72%
3.4Iran
72%
17.6Kazakhstan
71%
9.2Sweden
52%
37.7Poland
46%
6.3Guatemala
44%
9.7Morocco
30%

Score Distribution

Percentile by Number Answered

Percent of People with Each Score

Your Score History

You have not taken this quiz